| 000 | 00730aam a2200277 4500 | ||
|---|---|---|---|
| 005 | 20260304145628.0 | ||
| 008 | 150615b2008 xxu||||| |||| 00| 0 spa d | ||
| 020 | _a9788480863384 | ||
| 041 | _aESP | ||
| 082 | _a617.6 O41t6 | ||
| 100 | _aOkenson, Jeffrey P. | ||
| 245 | _aTratamiento de oclusión y afecciones temporomandibulares | ||
| 250 | _a6 edición | ||
| 260 | _aEspaña | ||
| 260 | _bElsevier | ||
| 260 | _c2008 | ||
| 300 | _a631 páginas | ||
| 300 | _bIlustraciones a blanco y negro | ||
| 490 | _aMecánica Dental | ||
| 650 | _aOCLUSIÓN | ||
| 650 | _aANATOMÍA FUNCIONAL | ||
| 650 | _aMORFOLOGÍA OCLUSAL | ||
| 650 | _aTERAPIA OCLUSAL | ||
| 650 | _aTRASTORNOS TEMPOROMANDIBULARES | ||
| 942 |
_cBK _2ddc |
||
| 999 |
_c2862 _d2862 |
||